[Event "Martigny op 24th"]
[Site "Martigny"]
[Date "2015.08.01"]
[Round "2"]
[White "Perruchoud, Benoit"]
[Black "Damianou, Ioannis"]
[Result "1-0"]
[WhiteElo "1949"]
[BlackElo "1716"]
[PlyCount "43"]
[EventDate "2015.07.31"]
[EventType "swiss"]
[EventRounds "7"]
[EventCountry "SUI"]
[SourceTitle "EXT 2017"]
[Source "ChessBase"]
[SourceDate "2016.10.25"]
[SourceVersion "1"]
[SourceVersionDate "2016.10.25"]
[SourceQuality "1"]

1. e4 c5 2. Nf3 d6 3. d4 cxd4 4. Nxd4 Nf6 5. Nc3 a6 6. Bg5 e6 7. f4 Be7 8. Qf3 Qc7 9. 0-0-0 Nbd7 10. g4 b5 11. Bxf6 Nxf6 12. g5 Nd7 13. f5 Bxg5+ 14. Kb1 Ne5 15. Qh5 Bf6 16. fxe6 0-0 17. Nd5 Qd8 18. Bh3 Re8 19. Nc6 g6 20. exf7+ Nxf7 21. Nxd8 gxh5 22. Nxf6+ 1-0

[Event "Biel MTO op 42nd"]
[Site "Biel"]
[Date "2009.07.20"]
[Round "1"]
[White "Perruchoud, Benoit"]
[Black "Bauer, Christian"]
[Result "0-1"]
[WhiteElo "2128"]
[BlackElo "2602"]
[PlyCount "84"]
[EventDate "2009.07.20"]
[EventType "swiss"]
[EventRounds "11"]
[EventCountry "SUI"]
[SourceTitle "CBM 131 Extra"]
[Source "ChessBase"]
[SourceDate "2009.09.03"]
[SourceVersion "2"]
[SourceVersionDate "2009.09.16"]
[SourceQuality "1"]

1. d4 c5 2. d5 Nf6 3. c4 e6 4. Nc3 exd5 5. cxd5 d6 6. e4 g6 7. Nf3 a6 8. a4 Bg4 9. Be2 Bxf3 10. Bxf3 Nbd7 11. 0-0 Bg7 12. Bf4 Qe7 13. Qc2 0-0 14. h3 Ne8 15. Bh2 Nc7 16. a5 Rab8 17. Ra2 b5 18. axb6 Rxb6 19. Be2 Bd4 20. Kh1 Re8 21. f3 Nf6 22. Bc4 Reb8 23. b3 Nd7 24. Na4 R6b7 25. Nb2 Ne5 26. Nd3 Nxc4 27. bxc4 Rb3 28. Rd1 Rc3 29. Qa4 Rbb3 30. Ne1 Rb6 31. Bf4 Rcb3 32. Rc2 Ne8 33. Bg3 Nf6 34. Bh4 Qe5 35. Bf2 Bxf2 36. Rxf2 Nh5 37. Nd3 Ng3+ 38. Kg1 Qd4 39. Qe8+ Kg7 40. Nb2 Ne2+ 41. Kf1 Ng3+ 42. Kg1 Qe3 0-1

[Event "Lausanne YM op 9th"]
[Site "Lausanne"]
[Date "2008.09.20"]
[Round "3"]
[White "Foisor, Ovidiu Doru"]
[Black "Perruchoud, Benoit"]
[Result "1-0"]
[WhiteElo "2410"]
[BlackElo "2166"]
[PlyCount "71"]
[EventDate "2008.09.19"]
[EventType "swiss"]
[EventRounds "7"]
[EventCountry "SUI"]
[SourceTitle "CBM 126 Extra"]
[Source "ChessBase"]
[SourceDate "2008.11.05"]
[SourceVersion "1"]
[SourceVersionDate "2008.11.05"]
[SourceQuality "1"]

1. d4 e6 2. c4 Nf6 3. Nc3 Bb4 4. Qc2 c5 5. dxc5 Bxc5 6. Nf3 Nc6 7. Bg5 h6 8. Bh4 Be7 9. Rd1 0-0 10. e4 Qa5 11. a3 d6 12. Be2 Rd8 13. 0-0 a6 14. Rd2 Qc7 15. Rfd1 b6 16. Nd5 exd5 17. cxd5 Nxe4 18. Qxe4 Bxh4 19. dxc6 Bf6 20. Bc4 a5 21. a4 Ba6 22. Bxa6 Rxa6 23. g3 Raa8 24. Qd5 Rac8 25. Rc2 Rb8 26. Kg2 Rbc8 27. Rd3 Rb8 28. b3 Rbc8 29. h4 Rb8 30. Nh2 g6 31. Ng4 Bg7 32. Ne3 Rbc8 33. Qf3 Re8 34. Nd5 Qa7 35. Re3 Re6 36. c7 1-0

[Event "SUI-ch op"]
[Site "Leukerbad"]
[Date "2007.07.13"]
[Round "2"]
[White "Williams, Simon Kim"]
[Black "Perruchoud, Benoit"]
[Result "1-0"]
[WhiteElo "2480"]
[BlackElo "2199"]
[PlyCount "48"]
[EventDate "2007.07.12"]
[EventType "swiss"]
[EventRounds "9"]
[EventCountry "SUI"]
[SourceTitle "CBM 119 Extra"]
[Source "ChessBase"]
[SourceDate "2007.09.04"]
[SourceVersion "1"]
[SourceVersionDate "2007.09.04"]
[SourceQuality "1"]

1. Nf3 Nf6 2. c4 e6 3. Nc3 c5 4. g3 Nc6 5. Bg2 d5 6. cxd5 exd5 7. d4 Ne4 8. 0-0 Bf5 9. Bf4 Bd6 10. Nxd5 Bxf4 11. Nxf4 cxd4 12. Nh4 Bd7 13. Bxe4 g5 14. Bxc6 Bxc6 15. Nf5 gxf4 16. Qxd4 Qxd4 17. Nxd4 Bd5 18. f3 fxg3 19. hxg3 0-0-0 20. Rfd1 Rhg8 21. Kf2 Kb8 22. e3 b6 23. Rh1 Rg7 24. Rh5 Rc8 1-0

[Event "Martigny op"]
[Site "Martigny"]
[Date "2005.07.31"]
[Round "4"]
[White "Burnier, David"]
[Black "Perruchoud, Benoit"]
[Result "1-0"]
[WhiteElo "2298"]
[BlackElo "2197"]
[PlyCount "49"]
[EventDate "2005.07.29"]
[EventType "swiss"]
[EventRounds "7"]
[EventCountry "SUI"]
[SourceTitle "CBM 107 Extra"]
[Source "ChessBase"]
[SourceDate "2005.09.01"]
[SourceVersion "1"]
[SourceVersionDate "2005.09.01"]
[SourceQuality "1"]

1. d4 e6 2. c4 Nf6 3. Nc3 Bb4 4. Nf3 0-0 5. Bg5 c5 6. e3 Qa5 7. Bd3 Bxc3+ 8. bxc3 Qxc3+ 9. Kf1 cxd4 10. Bxf6 gxf6 11. exd4 Nc6 12. Rb1 a6 13. h4 Kh8 14. Rb3 Qa5 15. Ng5 fxg5 16. Qh5 Kg7 17. hxg5 Rh8 18. Qh6+ Kg8 19. c5 Ne7 20. Bxh7+ Rxh7 21. Qxh7+ Kf8 22. Qh6+ Ke8 23. Qh8+ Ng8 24. Qxg8+ Ke7 25. Rh7 1-0

[Event "Biel MTO op"]
[Site "Biel"]
[Date "2004.07.23"]
[Round "5"]
[White "Tischbierek, Raj"]
[Black "Perruchoud, Benoit"]
[Result "1-0"]
[WhiteElo "2468"]
[BlackElo "2185"]
[PlyCount "69"]
[EventDate "2004.07.19"]
[EventType "swiss"]
[EventRounds "11"]
[EventCountry "SUI"]
[SourceTitle "EXT 2005"]
[Source "ChessBase"]
[SourceDate "2004.11.15"]
[SourceVersion "1"]
[SourceVersionDate "2004.11.15"]
[SourceQuality "1"]

1. e4 e6 2. d4 d5 3. Nc3 Nf6 4. Bg5 Be7 5. e5 Nfd7 6. Bxe7 Qxe7 7. f4 a6 8. Nf3 c5 9. Qd2 Nc6 10. dxc5 Qxc5 11. 0-0-0 b5 12. Ne2 Nb6 13. Ned4 Nxd4 14. Qxd4 Qxd4 15. Nxd4 Nc4 16. b3 Ne3 17. Rd3 Nxf1 18. Rxf1 Bd7 19. g4 h5 20. Rh3 Ke7 21. gxh5 Rh7 22. Nf3 Rah8 23. Rg3 Kf8 24. Rfg1 Be8 25. Kb2 f6 26. Nd4 fxe5 27. fxe5 Rxh5 28. Rf1+ Kg8 29. Nxe6 g6 30. Rf8+ Kh7 31. Rgf3 Rxf8 32. Rxf8 Bc6 33. Rc8 Rxh2 34. Rxc6 Re2 35. Nf8+ 1-0

[Event "SUI-chT"]
[Site "Switzerland"]
[Date "2002.09.07"]
[Round "6.6"]
[White "Papa, Severin"]
[Black "Perruchoud, Benoit"]
[Result "1-0"]
[WhiteElo "2326"]
[BlackElo "2177"]
[PlyCount "105"]
[EventDate "2002.03.03"]
[EventType "team-tourn"]
[EventRounds "9"]
[EventCountry "SUI"]
[SourceTitle "EXT 2003"]
[Source "ChessBase"]
[SourceDate "2002.11.25"]
[SourceVersion "1"]
[SourceVersionDate "2002.11.25"]
[SourceQuality "1"]

1. d4 e6 2. Nf3 Nf6 3. c4 Bb4+ 4. Nbd2 b6 5. a3 Bxd2+ 6. Qxd2 Bb7 7. g3 0-0 8. Bg2 d6 9. 0-0 Nbd7 10. b4 Ne4 11. Qc2 f5 12. Ne1 c5 13. dxc5 dxc5 14. Bb2 Qe7 15. b5 Nd6 16. Bxb7 Nxb7 17. Nd3 e5 18. f4 e4 19. Nf2 Nf6 20. Nd1 Qe6 21. Ne3 Rad8 22. Rad1 Rxd1 23. Rxd1 Rd8 24. Rxd8+ Nxd8 25. Qc3 Nf7 26. a4 h6 27. a5 Nd6 28. a6 Nfe8 29. Kf2 Kf7 30. Ke1 Nf6 31. Kd1 Kf8 32. Kc2 Kf7 33. Qe5 Nfe8 34. Kb3 Nf6 35. Qxe6+ Kxe6 36. Bxf6 gxf6 37. Kc3 Kf7 38. Nd5 Nc8 39. Kd2 Kg6 40. Ke3 h5 41. Kf2 Kg7 42. Kg2 Kg6 43. Kh3 Kg7 44. Kh4 Kg6 45. h3 Kh6 46. g4 hxg4 47. hxg4 fxg4 48. Kxg4 f5+ 49. Kxf5 Nd6+ 50. Ke6 Nxc4 51. Kd7 Kg6 52. Kc7 Kf5 53. Nc3 1-0

[Event "Biel MTO op"]
[Site "Biel"]
[Date "2002.07.22"]
[Round "1"]
[White "Al Modiahki, Mohamad"]
[Black "Perruchoud, Benoit"]
[Result "1-0"]
[WhiteElo "2523"]
[BlackElo "2198"]
[PlyCount "71"]
[EventDate "2002.07.22"]
[EventType "swiss"]
[EventRounds "11"]
[EventCountry "SUI"]
[SourceTitle "EXT 2003"]
[Source "ChessBase"]
[SourceDate "2002.11.25"]
[SourceVersion "1"]
[SourceVersionDate "2002.11.25"]
[SourceQuality "1"]

1. e4 e6 2. d4 d5 3. Nc3 Nf6 4. Bg5 Be7 5. e5 Nfd7 6. Bxe7 Qxe7 7. f4 a6 8. Nf3 c5 9. Qd2 Nc6 10. dxc5 Qxc5 11. Bd3 b5 12. a3 Nb6 13. b4 Qe7 14. 0-0 Bd7 15. Qf2 Nc4 16. Bxc4 bxc4 17. Ne2 0-0 18. c3 f6 19. Qe3 fxe5 20. fxe5 Be8 21. Nfd4 Rxf1+ 22. Rxf1 Nxd4 23. Nxd4 Bg6 24. Nc6 Qh4 25. Rf4 Qh5 26. g4 Qh4 27. Qf2 Qxf2+ 28. Kxf2 h6 29. Ke3 Kh7 30. Nd4 Re8 31. a4 Kg8 32. Rf2 Be4 33. b5 axb5 34. axb5 Re7 35. Rb2 Kf7 36. Nc6 1-0

[Event "SUI-chT"]
[Site "Switzerland"]
[Date "2001.10.27"]
[Round "8.5"]
[White "Vuilleumier, Alexandre"]
[Black "Perruchoud, Benoit"]
[Result "1/2-1/2"]
[WhiteElo "2165"]
[BlackElo "2238"]
[PlyCount "80"]
[EventDate "2001.03.04"]
[EventType "team-tourn"]
[EventRounds "9"]
[EventCountry "SUI"]
[SourceTitle "EXT 2002"]
[Source "ChessBase"]
[SourceDate "2001.11.25"]
[SourceVersion "1"]
[SourceVersionDate "2001.11.25"]
[SourceQuality "1"]
[WhiteTeam "Mendrisio"]
[BlackTeam "Geneve"]
[WhiteTeamCountry "SUI"]
[BlackTeamCountry "SUI"]

1. e4 e6 2. d4 d5 3. Nc3 Nf6 4. e5 Nfd7 5. f4 c5 6. Nf3 Nc6 7. Be3 cxd4 8. Nxd4 Bc5 9. Qd2 Bxd4 10. Bxd4 Nxd4 11. Qxd4 Qb6 12. Nb5 Qxd4 13. Nxd4 Ke7 14. Bd3 Nc5 15. Kd2 Bd7 16. h4 h5 17. Rh3 Rac8 18. Rg3 g6 19. Re3 a6 20. Ree1 Rc7 21. Rac1 Rhc8 22. g3 b5 23. a3 Na4 24. b3 Nc5 25. Ra1 Rb8 26. Rg1 Rbc8 27. Ke3 Be8 28. Rh1 Ne4 29. Rag1 a5 30. g4 hxg4 31. Rxg4 a4 32. b4 Rc3 33. Ra1 Bd7 34. Nf3 Rxc2 35. Bxc2 Rxc2 36. Ng5 Rc3+ 37. Ke2 Ng3+ 38. Kd2 Rb3 39. Rg1 Nf5 40. Ra1 d4 1/2-1/2

[Event "Biel MTO op"]
[Site "Biel"]
[Date "2001.07.25"]
[Round "3"]
[White "Perruchoud, Benoit"]
[Black "Arbinger, Roland"]
[Result "1-0"]
[WhiteElo "2224"]
[BlackElo "2129"]
[PlyCount "81"]
[EventDate "2001.07.23"]
[EventType "swiss"]
[EventRounds "11"]
[EventCountry "SUI"]
[SourceTitle "CBM 083 Extra"]
[Source "ChessBase"]
[SourceDate "2001.09.11"]
[SourceVersion "1"]
[SourceVersionDate "2001.09.11"]
[SourceQuality "1"]

1. e4 d6 2. d4 Nf6 3. Nc3 g6 4. Be3 c6 5. f3 b5 6. Qd2 Nbd7 7. 0-0-0 Qc7 8. g4 Nb6 9. Bh6 Nc4 10. Bxc4 bxc4 11. Bxf8 Rxf8 12. e5 Nd5 13. exd6 Qxd6 14. Ne4 Qf4 15. Qxf4 Nxf4 16. Re1 Be6 17. Ne2 Ng2 18. Reg1 Nh4 19. Rg3 f5 20. Ng5 Bd5 21. Nc3 0-0-0 22. Nxd5 Rxd5 23. Nxh7 Rh8 24. Ng5 f4 25. Nf7 fxg3 26. Nxh8 g2 27. Rg1 Rxd4 28. Nf7 Rf4 29. Ne5 Kc7 30. b3 c3 31. Kd1 Kd6 32. Nc4+ Kc5 33. Ke2 Nxf3 34. Rxg2 Nd4+ 35. Ke3 Rf3+ 36. Ke4 Rf1 37. h4 Rh1 38. h5 gxh5 39. g5 h4 40. g6 h3 41. Rg5+ 1-0

[Event "Biel MTO op"]
[Site "Biel"]
[Date "2001.07.23"]
[Round "1"]
[White "Perruchoud, Benoit"]
[Black "Markowski, Tomasz"]
[Result "0-1"]
[WhiteElo "2224"]
[BlackElo "2548"]
[PlyCount "38"]
[EventDate "2001.07.23"]
[EventType "swiss"]
[EventRounds "11"]
[EventCountry "SUI"]
[SourceTitle "CBM 083 Extra"]
[Source "ChessBase"]
[SourceDate "2001.09.11"]
[SourceVersion "1"]
[SourceVersionDate "2001.09.11"]
[SourceQuality "1"]

1. e4 c5 2. Nf3 g6 3. d4 Bg7 4. Nc3 cxd4 5. Nxd4 Nc6 6. Be3 Nf6 7. Nxc6 bxc6 8. e5 Ng8 9. Bd4 Qa5 10. e6 Nf6 11. exd7+ Bxd7 12. Bc4 Rd8 13. 0-0 Bg4 14. Be2 c5 15. Bxg4 Rxd4 16. Qf3 Nxg4 17. Qc6+ Rd7 18. Rad1 Ne5 19. Qc8+ Qd8 0-1

[Event "Geneve op 17th"]
[Site "Geneve"]
[Date "2001.01.28"]
[Round "9"]
[White "Zueger, Beat"]
[Black "Perruchoud, Benoit"]
[Result "1-0"]
[WhiteElo "2448"]
[BlackElo "2243"]
[PlyCount "69"]
[EventDate "2001.01.20"]
[EventType "swiss"]
[EventRounds "9"]
[EventCountry "SUI"]
[SourceTitle "EXT 2002"]
[Source "ChessBase"]
[SourceDate "2001.11.25"]
[SourceVersion "1"]
[SourceVersionDate "2001.11.25"]
[SourceQuality "1"]

1. d4 e6 2. c4 Nf6 3. g3 Bb4+ 4. Bd2 Qe7 5. Bg2 Bxd2+ 6. Nxd2 d6 7. e3 0-0 8. Ne2 e5 9. 0-0 e4 10. Nc3 Bf5 11. h3 h5 12. f3 exf3 13. Qxf3 Bg6 14. Qxb7 Qxe3+ 15. Rf2 Nbd7 16. Qxc7 Qxg3 17. Nf1 Rac8 18. Qxc8 Qxf2+ 19. Kxf2 Rxc8 20. Ne3 a6 21. b4 Nf8 22. b5 axb5 23. Nxb5 Ne6 24. a4 Nf4 25. Nxd6 Rb8 26. a5 Rb2+ 27. Kg1 Ne2+ 28. Kh1 Ng3+ 29. Kh2 Nge4 30. Nxe4 Bxe4 31. a6 Nd7 32. c5 Bxg2 33. Nxg2 Rb8 34. a7 Ra8 35. Ne3 1-0

[Event "Geneve op 17th"]
[Site "Geneve"]
[Date "2001.01.23"]
[Round "4"]
[White "Perruchoud, Benoit"]
[Black "Miton, Kamil"]
[Result "0-1"]
[WhiteElo "2243"]
[BlackElo "2497"]
[PlyCount "84"]
[EventDate "2001.01.20"]
[EventType "swiss"]
[EventRounds "9"]
[EventCountry "SUI"]
[SourceTitle "EXT 2002"]
[Source "ChessBase"]
[SourceDate "2001.11.25"]
[SourceVersion "1"]
[SourceVersionDate "2001.11.25"]
[SourceQuality "1"]

1. e4 c5 2. Nf3 Nc6 3. d4 cxd4 4. Nxd4 Nf6 5. Nc3 d6 6. Be2 e5 7. Nb3 Be7 8. 0-0 0-0 9. Be3 a5 10. a4 Be6 11. f4 Nb4 12. f5 Bxb3 13. cxb3 d5 14. exd5 Nfxd5 15. Nxd5 Nxd5 16. Bf2 e4 17. Bc4 Nf6 18. Qxd8 Rfxd8 19. Rad1 Bb4 20. Bb6 Rdc8 21. h3 Kf8 22. g4 h6 23. Kg2 Bc5 24. Bxc5+ Rxc5 25. Rfe1 Re8 26. Re3 g5 27. fxg6 fxg6 28. Rd6 Kg7 29. Kg3 h5 30. Rb6 Re7 31. Rb5 Rxb5 32. Bxb5 hxg4 33. hxg4 Nd5 34. Re1 Kf6 35. Bc4 Ke5 36. Kh4 Nb6 37. Kg5 Nxc4 38. bxc4 Re6 39. b4 axb4 40. Rb1 e3 41. Rxb4 e2 42. Rb1 Ke4 0-1

[Event "Biel MTO op"]
[Site "Biel"]
[Date "2000.08.04"]
[Round "11"]
[White "Jurek, Josef"]
[Black "Perruchoud, Benoit"]
[Result "1/2-1/2"]
[WhiteElo "2329"]
[BlackElo "2233"]
[PlyCount "100"]
[EventDate "2000.07.24"]
[EventType "swiss"]
[EventRounds "11"]
[EventCountry "SUI"]
[SourceTitle "CBM 077 Extra"]
[Source "ChessBase"]
[SourceDate "2000.09.14"]
[SourceVersion "1"]
[SourceVersionDate "2000.09.14"]
[SourceQuality "1"]

1. Nf3 Nf6 2. c4 e6 3. g3 d5 4. Bg2 d4 5. e3 c5 6. b4 dxe3 7. fxe3 cxb4 8. 0-0 Nc6 9. d4 Be7 10. Nbd2 0-0 11. Bb2 Re8 12. Qc2 a5 13. Rae1 a4 14. Kh1 b3 15. axb3 Nb4 16. Qb1 a3 17. Ba1 a2 18. Qd1 Nd3 19. Re2 Ba3 20. Qc2 Nb4 21. Qc3 Nc6 22. e4 Bb4 23. Qc2 e5 24. d5 Nd4 25. Nxd4 exd4 26. Bxd4 Bg4 27. Ref2 Bc5 28. Qb2 Qb6 29. Bxc5 Qxc5 30. Qa1 Qe3 31. c5 Be2 32. Nc4 Bxc4 33. bxc4 Qxc5 34. Rxa2 Rad8 35. e5 Ng4 36. Re2 Qxc4 37. Re4 Qxd5 38. Rxg4 Qxe5 39. Qxe5 Rxe5 40. Bxb7 Rd2 41. Re4 Rxe4 42. Bxe4 g6 43. Kg1 Kg7 44. Rf2 Rxf2 45. Kxf2 h5 46. Ke3 f5 47. Bc6 g5 48. Kd4 f4 49. Ke5 fxg3 50. hxg3 g4 1/2-1/2

[Event "Biel MTO op"]
[Site "Biel"]
[Date "2000.08.01"]
[Round "8"]
[White "Perruchoud, Benoit"]
[Black "Rufener, Markus"]
[Result "1-0"]
[WhiteElo "2233"]
[BlackElo "2138"]
[PlyCount "75"]
[EventDate "2000.07.24"]
[EventType "swiss"]
[EventRounds "11"]
[EventCountry "SUI"]
[SourceTitle "CBM 077 Extra"]
[Source "ChessBase"]
[SourceDate "2000.09.14"]
[SourceVersion "1"]
[SourceVersionDate "2000.09.14"]
[SourceQuality "1"]

1. e4 c5 2. Nf3 e6 3. d4 cxd4 4. Nxd4 Nc6 5. Nc3 a6 6. Be2 Qc7 7. Be3 Nf6 8. 0-0 Bb4 9. Nxc6 bxc6 10. Qd4 c5 11. Qd3 Bb7 12. f3 Rc8 13. Rad1 0-0 14. a3 Bxc3 15. Qxc3 d5 16. Bg5 d4 17. Qe1 Nd7 18. b3 Nb6 19. a4 c4 20. Kh1 d3 21. cxd3 cxb3 22. a5 Qc5 23. Qg3 Nd7 24. Bh6 Qd4 25. Rb1 Kh8 26. Bc1 Rc2 27. Ba3 b2 28. Bxf8 Rxe2 29. Ba3 e5 30. f4 f6 31. Qg4 Rc2 32. Bxb2 Qxd3 33. Rfd1 Qxe4 34. Rxd7 g6 35. Rd8+ Kg7 36. Qd7+ Kh6 37. Qh3+ Kg7 38. Rd7+ 1-0

[Event "Biel MTO op"]
[Site "Biel"]
[Date "2000.07.31"]
[Round "7"]
[White "Huss, Andreas"]
[Black "Perruchoud, Benoit"]
[Result "1-0"]
[WhiteElo "2346"]
[BlackElo "2233"]
[PlyCount "91"]
[EventDate "2000.07.24"]
[EventType "swiss"]
[EventRounds "11"]
[EventCountry "SUI"]
[SourceTitle "CBM 077 Extra"]
[Source "ChessBase"]
[SourceDate "2000.09.14"]
[SourceVersion "1"]
[SourceVersionDate "2000.09.14"]
[SourceQuality "1"]

1. d4 e6 2. c4 Nf6 3. Nf3 Bb4+ 4. Nbd2 b6 5. a3 Bxd2+ 6. Qxd2 Bb7 7. e3 0-0 8. Bd3 d6 9. b4 Nbd7 10. Qc2 a5 11. Rb1 axb4 12. axb4 e5 13. d5 e4 14. Bxe4 Nxe4 15. Qxe4 Nf6 16. Qh4 b5 17. Bb2 bxc4 18. Bxf6 Qxf6 19. Qxc4 Ra4 20. Qb3 Rfa8 21. 0-0 c6 22. Nd4 Ra3 23. Qc2 cxd5 24. Qc7 Bc8 25. b5 R3a7 26. Qc2 Ra2 27. Rb2 Rxb2 28. Qxb2 Qg5 29. Ra1 Bb7 30. Rxa8+ Bxa8 31. Qa1 Qd8 32. Qa7 g6 33. b6 Qc8 34. Qc7 Qa6 35. h4 h5 36. Kh2 Bb7 37. Qxd6 Qa8 38. Qc7 Qa6 39. Kg3 Qa8 40. f3 Qa6 41. Kf4 Qa8 42. Qd6 Qc8 43. Qe7 Qb8+ 44. Kg5 Qg3+ 45. Kh6 Qb8 46. Ne6 1-0

[Event "Biel MTO op"]
[Site "Biel"]
[Date "2000.07.28"]
[Round "5"]
[White "Scheffknecht, Philipp"]
[Black "Perruchoud, Benoit"]
[Result "1/2-1/2"]
[WhiteElo "2094"]
[BlackElo "2233"]
[PlyCount "86"]
[EventDate "2000.07.24"]
[EventType "swiss"]
[EventRounds "11"]
[EventCountry "SUI"]
[SourceTitle "CBM 077 Extra"]
[Source "ChessBase"]
[SourceDate "2000.09.14"]
[SourceVersion "1"]
[SourceVersionDate "2000.09.14"]
[SourceQuality "1"]

1. d4 e6 2. c4 Nf6 3. Nc3 Bb4 4. Qc2 c5 5. a3 Bxc3+ 6. bxc3 Nc6 7. Nf3 d5 8. e3 0-0 9. Bd3 Na5 10. Ne5 b6 11. 0-0 Ba6 12. cxd5 Bxd3 13. Qxd3 exd5 14. a4 c4 15. Qc2 Nd7 16. Ba3 Re8 17. Qf5 Nxe5 18. dxe5 Qc8 19. Qxc8 Raxc8 20. Bd6 Nb7 21. Rfd1 Nxd6 22. exd6 Rc5 23. Rd4 Rd8 24. e4 dxe4 25. Rxe4 Rd5 26. Rae1 g6 27. Rxc4 R8xd6 28. g3 Rd7 29. Kg2 Rd2 30. Ree4 Rc2 31. h4 h5 32. Rc6 Rcd2 33. Rf4 R2d6 34. Rfc4 Kg7 35. Kf3 Rf6+ 36. Rxf6 Kxf6 37. Kf4 Rd5 38. Rc6+ Kg7 39. f3 Ra5 40. Rc4 Kf6 41. g4 Ke6 42. Re4+ Kf6 43. Rc4 Ke6 1/2-1/2

[Event "Mendrisio op"]
[Site "Mendrisio"]
[Date "1999.??.??"]
[Round "5"]
[White "Perruchoud, Benoit"]
[Black "Eynard, Valdo"]
[Result "1-0"]
[WhiteElo "2200"]
[BlackElo "2051"]
[PlyCount "43"]
[EventDate "1999.??.??"]
[EventType "swiss"]
[EventRounds "7"]
[EventCountry "SUI"]
[SourceTitle "EXT 2000"]
[Source "ChessBase"]
[SourceDate "1999.11.16"]
[SourceVersion "1"]
[SourceVersionDate "1999.11.16"]
[SourceQuality "1"]

1. e4 c6 2. d4 d5 3. exd5 cxd5 4. c4 Nf6 5. Nc3 g6 6. Nf3 Bg7 7. cxd5 0-0 8. Bc4 Nbd7 9. 0-0 Nb6 10. Bb3 Nbxd5 11. Re1 e6 12. Bg5 Qa5 13. Qd2 Nxc3 14. bxc3 b6 15. Ne5 Nd5 16. Rac1 Ba6 17. Nc6 Qa3 18. Bxd5 exd5 19. Be7 Qa4 20. Bxf8 Qxc6 21. Bxg7 Kxg7 22. Qf4 1-0

[Event "Ticino op"]
[Site "Ticino"]
[Date "1990.11.03"]
[Round "6"]
[White "Perruchoud, Benoit"]
[Black "Heuer, Boris"]
[Result "0-1"]
[WhiteElo "2146"]
[BlackElo "1986"]
[PlyCount "42"]
[EventDate "1990.11.01"]
[EventType "swiss"]
[EventRounds "7"]
[EventCountry "SUI"]
[SourceTitle "EXT 2000"]
[Source "ChessBase"]
[SourceDate "1999.11.16"]
[SourceVersion "1"]
[SourceVersionDate "1999.11.16"]
[SourceQuality "1"]

1. e4 e5 2. Nf3 Nc6 3. Bc4 Bc5 4. c3 Nf6 5. d3 d6 6. b4 Bb6 7. h3 Ne7 8. 0-0 0-0 9. Bg5 Ng6 10. Nh4 Nxh4 11. Bxh4 h6 12. Nd2 g5 13. Bg3 g4 14. hxg4 Bxg4 15. Nf3 Nh5 16. Kh2 Qf6 17. Qd2 Bxf3 18. gxf3 Kh7 19. Kg2 Rg8 20. Rh1 Nxg3 21. fxg3 Rxg3+ 0-1